Detalles MARC
| 000 -LIDER |
| fixed length control field |
02845nam a2200277 a 4500 |
| 001 - NÚMERO DE CONTROL |
| Identificador de número de control |
|
| 003 - IDENTIFICACDOR DE NÚMERO DE CONTROL |
| control field |
DO-SdBNP |
| 005 - DATE AND TIME OF LATEST TRANSACTION |
| control field |
20220406082610.0 |
| 008 - ELEMENTOS DE LONGITUD FIJA |
| fixed length control field |
100406s2009dr abc 000 0 spa d |
| 040 ## - FUENTE DE CATALOGACIÓN |
| Agencia que crea de manera original el registro |
DO-SdBNP |
| Idioma de catalogación |
spa |
| Agencia que realiza la transcripción |
BPMSU |
| 082 ## - NÚMERO DE CLASIFICACIÓN DECIMAL DE DEWEY |
| Classification number |
362.1783 |
| Item number |
R311i |
| Edition number |
22 |
| 245 10 - MENCIÓN DE TITULO |
| Título |
Recomendaciones, informes y documentos. / |
| Mención de responsabilidad |
prólogo Fernando Raul Morales Billini;. |
| 260 ## - PUBLICACIÓN, DISTRIBUCIÓN, ETC. (PIE DE IMPRENTA) |
| Lugar de publicación, distribución, etc |
Santo Domingo : |
| Nombre del editor, distribuidor, etc. |
INCORT ; |
| -- |
RCIDT, |
| Fecha de publicación, distribución, etc |
2009. |
| 300 ## - DESCRIPCIÓN FÍSICA |
| Extensión |
v. : |
| Otros detalles físicos |
il. ; map.; retrs. |
| 505 0# - NOTA DE CONTENIDO |
| Texto normalizado de contenido |
v. 1 : |
| Título |
Prólogo -- |
| -- |
Países que integran el RCIDT -- |
| -- |
Declaración de Mar de Plata -- |
| -- |
Introducción -- |
| -- |
Recomendaciones y documentos elaborados por el comité de la Red/Consejo Iberoamericano de Donación y Trasplante. Años 2005-2008 -- |
| -- |
Datos de actividad de donación y trasplante de órganos. Años 2005-2008 -- |
| -- |
Datos sobre la actividad de donación y trasplante de órganos, tejidos y células. Año 2007 -- |
| -- |
Glosario de términos -- |
| -- |
Informes -- |
| -- |
Anexos -- |
| 505 0# - NOTA DE CONTENIDO |
| Texto normalizado de contenido |
v. 2 : |
| Título |
Prólogo -- |
| -- |
Recomendaciones sobre comunicación de la donación y el trasplante -- |
| -- |
Recomendación REC - RCIDT - 2009 (11) sobre determinaciones serológicas en los donantes de órganos -- |
| -- |
Recomendación REC - RCIDT - 2009 (12) sobre mantenimiento del donante multiorgánico -- |
| -- |
Recomendación REC - RCIDT - 2009 (13) sobre financieamiento del sistena nacional de donación y trasplante de órganos -- |
| -- |
Recomendación REC - RCIDT - 2010 (14) a las autoridades sanitarias de los estados miembros sobre políticas relacionadas a terapias celulares -- |
| -- |
Recomendación REC - RCIDT - 2010 (15) sobre principios aplicados a la gestión de listas de espera para trasplante -- |
| -- |
Recomendación REC - RCIDT - 2012 (16) sobre comunicación en donación y trasplante -- |
| -- |
Recomendación REC - RCIDT - 2012 (17) sobre prácticas gerenciales para organismos de coordinación y gestión de donación y trasplante en Iberoamérica -- |
| -- |
Guía/Recomendación REC - RCIDT - 2012 (18) sobre comunicación en donación y trasplante -- |
| -- |
Declaración de Quito sobre terapias celulares sin evidencia demostrada -- |
| -- |
Comunicación de la Red/Consejo Iberoamericano de donación y trasplante (RCIDT) a las autoridades sanitarias, profesionales de la salud y a la opinión pública en general de los estados miembros-- |
| -- |
Real decreto 1723/2012 -- |
| -- |
Directiva 2010/53/UE del parlamento Europeo y del consejo -- |
| -- |
Acceso a células y tejidos seguros y efectivos -- |
| 650 #4 - ENCABEZAMIENTO DE MATERIA--TEMÁTICO |
| Término temático o nombre geográfico como elemento de entrada |
Trasplantes de órganos, tejidos, etc |
| Subdivisión de forma |
Informes |
| 650 #4 - ENCABEZAMIENTO DE MATERIA--TEMÁTICO |
| Término temático o nombre geográfico como elemento de entrada |
Donación de órganos |
| 650 #4 - ENCABEZAMIENTO DE MATERIA--TEMÁTICO |
| Término temático o nombre geográfico como elemento de entrada |
Atención médica. |
| 700 1# - ASIENTO SECUNDARIO -- NOMBRE PERSONAL |
| Nombre personal |
Morales Billini, Fernando Raul |
| Mención de responsabilidad |
prólogo |
| 710 2# - ASIENTO SECUNDARIO -- NOMBRE CORPORATIVO |
| Nombre corporativo o de jurisdicción |
Instituto Nacional de Coordinación de Trasplante (República Dominicana) |
| 710 2# - ASIENTO SECUNDARIO -- NOMBRE CORPORATIVO |
| Nombre corporativo o de jurisdicción |
Consejo Iberoamericano de Donación y Trasplante |
| 710 1# - ASIENTO SECUNDARIO -- NOMBRE CORPORATIVO |
| Nombre corporativo o de jurisdicción |
Red/Consejo Iberoamericano de Donación y Trasplante |
| 910 ## - VALIDACIÓN |
| Validación |
VMateo V. |
| 942 ## - ADDED ENTRY ELEMENTS (KOHA) |
| Source of classification or shelving scheme |
Dewey Decimal Classification |
| Koha item type |
Libros |